| 000 | 00433nam a2200157 i 4500 | ||
|---|---|---|---|
| 001 | 56549 | ||
| 003 | ES-MaACL | ||
| 005 | 20230906163410.0 | ||
| 007 | t| | ||
| 008 | 031010s1967 sp ||||1| spa d | ||
| 245 | 0 | 0 | _aDiluvio de chistes de todos los temas, recopilados del acervo popular. |
| 260 |
_aBarcelona : _bMillá, _c1967. |
||
| 300 |
_a211 p. : _bil. ; _c16 cm. |
||
| 650 | 4 |
_aChistes. _9138672 |
|
| 852 |
_aES-MaACL _jC-31438 |
||
| 999 |
_c56549 _d56549 |
||